| 000 | 00574nam a2200229Ia 4500 | ||
|---|---|---|---|
| 003 | OSt | ||
| 005 | 20220924122314.0 | ||
| 006 | a|||||r|||| 00| 0 | ||
| 007 | ta | ||
| 008 | 220923b |||||||| |||| 00| 0 urd d | ||
| 024 | _a322091 | ||
| 037 | _cTextual | ||
| 040 |
_aARTS _cARTS _burd |
||
| 041 |
_2urd _aurd |
||
| 082 | _aS:7, 168K5 | ||
| 245 | 0 | _aNafsiyat aur amal | |
| 260 |
_aLahore _bMeri library Pakistan _c1965 |
||
| 650 | _a PSYCHOLOGY | ||
| 650 |
_aPERSONALITY _933018 |
||
| 942 |
_hS:7, 168K5 _cTEXL _2CC |
||
| 999 |
_c411126 _d411126 |
||